Quantity surveyors performance (Record no. 102994)
[ view plain ]
| 000 -LEADER | |
|---|---|
| fixed length control field | 01777cam a2200265 4500 |
| 001 - CONTROL NUMBER | |
| control field | |
| 008 - FIXED-LENGTH DATA ELEMENTS--GENERAL INFORMATION | |
| fixed length control field | 000000n2003 000 0 eng u |
| 020 ## - INTERNATIONAL STANDARD BOOK NUMBER | |
| International Standard Book Number | 1903202248 |
| 035 ## - SYSTEM CONTROL NUMBER | |
| System control number | (Sirsi) u123054 |
| 041 ## - LANGUAGE CODE | |
| Language code of text/sound track or separate title | eng |
| 050 ## - LIBRARY OF CONGRESS CALL NUMBER | |
| Classification number | 331.2166 |
| -- | 18 |
| 110 ## - MAIN ENTRY--CORPORATE NAME | |
| Corporate name or jurisdiction name as entry element | Mirza and Nacey Research |
| 9 (RLIN) | 1403 |
| 245 ## - TITLE STATEMENT | |
| Title | Quantity surveyors performance |
| Remainder of title | a survey of the fee incomes, costs and profits, staffing levels and performance indicators in professional QS practices |
| 260 ## - PUBLICATION, DISTRIBUTION, ETC. | |
| Place of publication, distribution, etc. | Ford |
| Name of publisher, distributor, etc. | Mirza and Nacey Research |
| Date of publication, distribution, etc. | 2003 |
| 300 ## - PHYSICAL DESCRIPTION | |
| Extent | 38p. |
| Dimensions | 30cm |
| 350 ## - PRICE (NR) (BK AM CF MU VM SE) [OBSOLETE] | |
| Price | 125 |
| 520 ## - SUMMARY, ETC. | |
| Summary, etc. | Report based on a survey of professional quantity surveying firms undertaken by Mirza and Nacey every six months up to February 2003. Divided into six sections. Survey background includes definitions and the survey methodology and respondent profile. Fee earnings covers the market in context, market share by practice size, quantity surveyors' fee earnings and composition of fee earnings. Section three covers costs and profits for 2002, quantity surveyors' predictions for 2003 and recent trends in costs and profits. Section four sets out performance indicators by fee earnings per head, costs per principal and profits per principal. The fifth section looks at projects and services; fees derived from market sectors, involvment in market sectors and size and contract type of jobs. The final section examines staffing performance; staffing ratios, incremental staffing measures and trends in staffing numbers. The appendix is an explanation of the statistical terms used. |
| 650 ## - SUBJECT ADDED ENTRY--TOPICAL TERM | |
| Topical term or geographic name entry element | MARKET SURVEYS |
| 650 ## - SUBJECT ADDED ENTRY--TOPICAL TERM | |
| Topical term or geographic name entry element | SALARY SURVEYS |
| 650 ## - SUBJECT ADDED ENTRY--TOPICAL TERM | |
| Topical term or geographic name entry element | PROFESSIONAL PRACTICES |
| 650 ## - SUBJECT ADDED ENTRY--TOPICAL TERM | |
| Topical term or geographic name entry element | QUANTITY SURVEYING FIRMS |
| 650 ## - SUBJECT ADDED ENTRY--TOPICAL TERM | |
| Topical term or geographic name entry element | STAFF PERFORMANCE |
| 690 ## - LOCAL SUBJECT ADDED ENTRY--TOPICAL TERM (OCLC, RLIN) | |
| Topical term or geographic name as entry element | Quantity surveying |
| 9 (RLIN) | 6263 |
| 942 ## - ADDED ENTRY ELEMENTS (KOHA) | |
| Suppress in OPAC | 0 |
| Withdrawn status | Lost status | Source of classification or shelving scheme | Damaged status | Not for loan | Home library | Current library | Shelving location | Date acquired | Cost, normal purchase price | Total Checkouts | Full call number | Barcode | Date last seen | Date last checked out | Copy number | Cost, replacement price | Price effective from | Koha item type |
|---|---|---|---|---|---|---|---|---|---|---|---|---|---|---|---|---|---|---|
| Dewey Decimal Classification | London | London | Basement | 07/01/2004 | 125.00 | 3 | SHELF 302 | 30068944 | 06/08/2019 | 05/07/2007 | 1 | 125.00 | 06/08/2019 | Book |